| 000 | 00341nam a2200145Ia 4500 | ||
|---|---|---|---|
| 008 | 230312s9999||||xx |||||||||||||| ||und|| | ||
| 020 | _a0-619-21529-1 | ||
| 082 |
_a005.756 _bADA-C |
||
| 100 | _aTrippe;Bill | ||
| 245 | 0 | _aSVG for Desighners | |
| 260 |
_bThomson _aUSA _c2005 |
||
| 300 | _a421 | ||
| 650 |
_aComputer _vComputer |
||
| 942 | _cBK | ||
| 999 |
_c15591 _d15591 |
||